000 00539cam a22002052 4500
001 0000005692
005 20151217155827.0
008 070621s xx 000 0 eng d
020 _cKES 600
040 _aKABU
_cKABU
050 0 _aHF1008
_b.S25
100 1 _aSaleemi, Nisar Ahmad.
_@0000151299
245 1 0 _aBusiness studies.
260 _aNairobi :
_bN. A. Saleemi,
_c2001.
300 _a447 p.
650 0 _aBusiness.
_@0000149956
908 _a070621
950 _@1
999 _c12974
_d12974